Library Banner

Essays in Physics (Record no. 74109)

MARC details
000 -LEADER
fixed length control field 00434nam a2200181Ia 4500
001 - CONTROL NUMBER
control field 68064
008 - FIXED-LENGTH DATA ELEMENTS--GENERAL INFORMATION
fixed length control field 150819s9999 xx 000 0 und d
020 ## - INTERNATIONAL STANDARD BOOK NUMBER
International Standard Book Number NA
040 ## - CATALOGING SOURCE
Transcribing agency PK-LaUMT
082 ## - DEWEY DECIMAL CLASSIFICATION NUMBER
Classification number RCC 531.14
Item number EIN-E
100 ## - MAIN ENTRY--PERSONAL NAME
Personal name Einstein, Albert
245 ## - TITLE STATEMENT
Title Essays in Physics
Statement of responsibility, etc Einstein, Albert
260 ## - PUBLICATION, DISTRIBUTION, ETC. (IMPRINT)
Place of publication, distribution, etc New York, USA:
Name of publisher, distributor, etc Philosophical Library,
Date of publication, distribution, etc 1950
300 ## - PHYSICAL DESCRIPTION
Extent 75 p.
546 ## - LANGUAGE NOTE
Language note EN
650 ## - SUBJECT ADDED ENTRY--TOPICAL TERM
Topical term or geographic name as entry element Gravity
942 ## - ADDED ENTRY ELEMENTS (KOHA)
Koha item type Books
Holdings
Withdrawn status Lost status Damaged status Not for loan Home library Current library Date acquired Total Checkouts Full call number Barcode Date last seen Price effective from Koha item type
        UMT Main Campus UMT Main Campus 2015-08-19   RCC 531.14 EIN-E 93889 2015-08-19 2015-08-19 Books